000 04259nab a2200325 i 4500
003 BR-BrBNA
005 20250711201405.0
008 250711b2019 bl.ar|pooa||| 00| 0 por |
040 _aBR-BrBNA
_bpor
072 _aP34
100 _aCarneiro, Karla Monique Silva
100 _aReis, Simone Matias
100 _aMorandi, Paulo Sérgio
100 _aElias, Fernando
100 _aOliveira, Edmar Almeida de
100 _aMarimon-Junior, Ben Hur
100 _aMarimon, Beatriz Schwantes
245 _aEstoque e perda de necromassa da vegetação lenhosa em um gradiente fitofisionômico na transição Amazônia-Cerrado
500 _aPublicação on-line; Bibliography p. 9-11 (64 ref.); 1 table; 2 illus.; Summaries (En, Pt)
520 _a Resumo A necromassa é um importante componente da decomposição e ciclagem de nutrientes nos ecossistemas naturais. Nosso objetivo foi avaliar o estoque e perda de necromassa da comunidade e das espécies em um gradiente fitofisionômico de cerrado típico, cerradão e floresta estacional semidecidual, na transição Amazônia-Cerrado. Calculamos, para cada fitofisionomia, o estoque de necromassa, por meio dos diâmetros dos indivíduos mortos em pé em 2005, 2008, 2011 e 2013. Também calculamos a perda de necromassa da comunidade e das espécies por meio dos diâmetros dos indivíduos que permaneceram mortos em pé entre, pelo menos, dois censos (2002–2005; 2005–2008; 2008–2011 ou 2011–2013). O cerrado típico apresentou estoque e perda de necromassa significativamente inferior ao cerradão e à floresta estacional. Ao nível de espécie, a taxa de decomposição de necromassa não apresentou correlação com a densidade da madeira. Maiores estoque e perda de necromassa na floresta estacional em relação ao cerrado típico podem estar relacionados ao maior porte dos indivíduos, que pode propiciar maior cobertura do dossel e microclima mais favorável à ação de organismos decompositores. Dessa forma, características intrínsecas de cada fitofisionomia podem estar relacionadas diretamente ao estoque e perda de necromassa em formações savânicas e florestais da transição Amazônia-Cerrado. Palavras-chave: ciclagem de nutrientes, decomposição, densidade da madeira, biomassa, estoque de carbono. Abstract Necromass is an important component of the decomposition and nutrients cycling in natural ecosystems. Our objective was to evaluate the stock and loss of necromass of the community and of the species in a vegetation gradient of cerrado típico, cerradão and floresta estacional semidecidual, in the Amazônia-Cerrado transition. We estimate, for each vegetation type, the necromass stock, through the diameters of the dead standing trees in 2005, 2008, 2011 and 2013. We also estimate the loss of necromass at both, community and species level, through the diameters of trees who remained standing dead between at least two inventories (2002–2005, 2005–2008, 2008–2011 or 2011–2013). The cerrado típico showed lower stock and loss of necromass than cerradão and floresta estacional. At the species level, there was no relationship between necromass decomposition rates and wood density. The greater stock and loss of necromass in the floresta estacional semidecidual in relation to the cerrado típico can be related to the greater size of the trees, which can provide more canopy cover and favorable microclimate to the action of decomposing organisms. Thus, intrinsic characteristics of each vegetation type may be directly related to the stock and loss of necromass in savanna and forest formations of the Amazônia-Cerrado transition. Key words: nutrient cycling, decomposition, wood density, biomass, carbon stock.
650 _aDECOMPOSIÇÃO
650 _aDENSIDADE DA MADEIRA
650 _aBIOMASSA
650 _aESTOQUE
650 _aCARBONO
773 0 _0709
_9351354
_dRio de Janeiro-RJ Jardim Botanico do Rio de Janeiro 1935
_o2025-3977
_tRodriguésia (Brazil)
_x0370-6583; 2175-7860 on-line
_gv. 70 p. 1-11; (2019)
_wBR2025003211
856 _uhttps://www.scielo.br/j/rod/a/Vrzx3wNLJ95pXxHYxZz634F/?format=pdf&lang=pt
942 _cANA
999 _c332791
_d332791